000 00440nam a2200157 i 4500
001 bg
245 0 _aFizika tverdogo tela. Atomnaja struktura tverdych tel. /
_cPerev. s ang. V. K. Fedjanina.
260 _aMoskwa :
_bIzdat. "Nauka",
_c1972.
300 _as. 135 :
_bilustr.
500 _aNad cem dumajut fiziki. Vyp. 7.
040 _cBPK
041 _apol
080 _a539.1
942 _cKS
008 s pl f |000 0 pol
999 _c14766
_d14766
856 _uhttp://koha.tu.koszalin.pl/cgi-bin/koha/opac-detail.pl?biblionumber=14766
_yKatalog online BPK